Regulation of growth and gravitropism in the peanut gynophore /
Saved in:
| Main Author: | |
|---|---|
| Format: | Thesis Book |
| Language: | English |
| Published: |
1992.
|
| Subjects: | |
| Tags: |
Add Tag
No Tags, Be the first to tag this record!
|
| LEADER | 00760cam a2200241 a 4500 | ||
|---|---|---|---|
| 001 | u337969 | ||
| 003 | SIRSI | ||
| 008 | 931020s1992 si v 00 1 eng m | ||
| 035 | |a ABQ-3664 | ||
| 040 | |a UMM | ||
| 090 | |a QK746 |b Who | ||
| 100 | 1 | 0 | |a Whooley, Karin M. |
| 245 | 1 | 0 | |a Regulation of growth and gravitropism in the peanut gynophore / |c by Karin M Whooley. |
| 260 | |c 1992. | ||
| 300 | |a vii, 101 leaves : |b ill. ; |c 30 cm. | ||
| 502 | |a Dissertation (M.Sc.) -- National University of Singapore, 1992. | ||
| 504 | |a Bibliography: leaves 91-101. | ||
| 650 | 0 | |a Plant regulators. | |
| 650 | 0 | |a Peanuts |x Growth. | |
| 650 | 0 | |a Geotropism. | |
| 948 | |a 20/10/1993 |b 20/08/2002 | ||
| 596 | |a 1 | ||
| 999 | |a QK746 WHO |w LC |c 1 |i A504482448 |l STACKS |m P01UTAMA |r Y |s Y |t TESIS |u 1/12/1993 | ||
